[Event "San Jose 1000 GM Spring Break 2 Gp1"]
[Site "San Jose"]
[Date "2024.04.02"]
[Round "2.4"]
[White "Guo, Andrew"]
[Black "Arenas Vanegas, David"]
[Result "1-0"]
[WhiteElo "2215"]
[BlackElo "2366"]
[PlyCount "79"]
[EventDate "2024.04.02"]
[EventType "schev"]
[EventRounds "5"]
[EventCountry "USA"]
[SourceTitle "CB16_2024"]
[SourceDate "2024.04.17"]
[SourceVersion "1"]
[SourceVersionDate "2024.04.17"]
[SourceQuality "1"]
[WhiteTeam "Challengers"]
[BlackTeam "Masters"]
[WhiteTeamCountry "USA"]
[BlackTeamCountry "USA"]

1. d4 Nf6 2. c4 e6 3. Nf3 d5 4. g3 Bb4+ 5. Bd2 Be7 6. Bg2 0-0 7. Qc2 c6 8. 0-0 a5 9. Bf4 Nbd7 10. Rd1 Nh5 11. Bc1 Nhf6 12. Nbd2 b6 13. e4 Ba6 14. b3 Rc8 15. Bb2 b5 16. e5 Ne8 17. c5 f5 18. exf6 Bxf6 19. Re1 Nc7 20. Nf1 Re8 21. h4 b4 22. N1h2 a4 23. bxa4 Ra8 24. Bh3 Ra7 25. Ng4 Qa8 26. Bc1 Bc8 27. Bf4 Bd8 28. Ng5 Nf8 29. Bd6 Re7 30. Bxe7 Bxe7 31. Ne5 Bxg5 32. hxg5 Rxa4 33. Bf1 Ra3 34. Reb1 Na6 35. Rb3 Ra5 36. Nd3 Ng6 37. Nxb4 Nxb4 38. Rxb4 e5 39. dxe5 Nxe5 40. Qe2 1-0

[Event "Sunnyvale 1000 GM MLK IM"]
[Site "Sunnyvale"]
[Date "2024.01.19"]
[Round "5"]
[White "Guo, Andrew"]
[Black "Tang, Dylan"]
[Result "1/2-1/2"]
[WhiteElo "2255"]
[BlackElo "2206"]
[PlyCount "43"]
[EventDate "2024.01.13"]
[EventType "tourn"]
[EventRounds "9"]
[EventCountry "USA"]
[EventCategory "2"]
[SourceTitle "CB04_2024"]
[SourceDate "2023.10.16"]
[SourceVersion "1"]
[SourceVersionDate "2023.10.16"]
[SourceQuality "1"]

1. d4 Nf6 2. c4 e6 3. g3 d5 4. Nf3 Bb4+ 5. Bd2 Be7 6. Bg2 0-0 7. Qc2 c6 8. 0-0 Nbd7 9. Rd1 a5 10. Bf4 Nh5 11. Bc1 Nhf6 12. Nbd2 b6 13. e4 Bb7 14. b3 a4 15. Bb2 Qc8 16. Rac1 dxe4 17. Nxe4 Nxe4 18. Qxe4 c5 19. d5 Bf6 20. Qb1 exd5 21. cxd5 Qb8 22. bxa4 1/2-1/2

[Event "Sunnyvale 1000 GM MLK IM"]
[Site "Sunnyvale"]
[Date "2024.01.14"]
[Round "4"]
[White "Arenas Vanegas, David"]
[Black "Guo, Andrew"]
[Result "1/2-1/2"]
[WhiteElo "2406"]
[BlackElo "2255"]
[PlyCount "52"]
[EventDate "2024.01.13"]
[EventType "tourn"]
[EventRounds "9"]
[EventCountry "USA"]
[EventCategory "2"]
[SourceTitle "CB04_2024"]
[SourceDate "2023.10.16"]
[SourceVersion "1"]
[SourceVersionDate "2023.10.16"]
[SourceQuality "1"]

1. e4 c5 2. Nf3 Nc6 3. Bb5 g6 4. 0-0 Bg7 5. c3 Nf6 6. Re1 0-0 7. d4 d5 8. e5 Ne4 9. Bxc6 bxc6 10. Be3 Rb8 11. Qc1 cxd4 12. cxd4 f6 13. exf6 exf6 14. Nbd2 Rb6 15. Nb3 Re8 16. Nfd2 Nd6 17. Nc5 Bf5 18. Na4 Ra6 19. b3 Bf8 20. Nf1 Nb5 21. Ng3 Bd7 22. Qd2 Qa5 23. Qxa5 Rxa5 24. Rec1 Ra6 25. Nc5 Bxc5 26. Rxc5 Ra3 1/2-1/2

[Event "Pan American-ch U18 33rd"]
[Site "Chicago"]
[Date "2023.08.15"]
[Round "5"]
[White "Singh, Hersh"]
[Black "Guo, Andrew"]
[Result "1-0"]
[WhiteElo "2068"]
[BlackElo "2330"]
[PlyCount "88"]
[EventDate "2023.08.12"]
[EventType "swiss"]
[EventRounds "9"]
[EventCountry "USA"]
[SourceTitle "EXT 2024"]
[Source "ChessBase"]
[SourceDate "2023.10.10"]
[SourceVersion "1"]
[SourceVersionDate "2023.10.10"]
[SourceQuality "1"]

1. d4 Nf6 2. c4 g6 3. f3 Bg7 4. e4 d6 5. Nc3 0-0 6. Nge2 a6 7. Be3 b5 8. cxb5 axb5 9. Nxb5 c6 10. Nbc3 Nbd7 11. Nf4 e5 12. dxe5 Nxe5 13. Be2 Ba6 14. 0-0 Nc4 15. Bxc4 Bxc4 16. Rf2 Qe7 17. Qd2 Rfe8 18. b3 Bxb3 19. Rff1 Bc4 20. Rfe1 Ra3 21. Rac1 Rea8 22. Rc2 Qe5 23. Rec1 Nd7 24. Nfe2 Qe6 25. Nd4 Bxd4 26. Qxd4 c5 27. Qd2 Ne5 28. Rd1 Bd3 29. Rcc1 c4 30. Ra1 Rc8 31. Qb2 Raa8 32. a4 Rab8 33. Qd2 Rb3 34. a5 f5 35. a6 fxe4 36. a7 Ra8 37. Nxe4 Nc6 38. Bf2 Qe5 39. Re1 Rb2 40. Qc1 Rc2 41. Qe3 d5 42. Qc5 Rxa7 43. Rxa7 Nxa7 44. Bd4 Qf4 1-0

[Event "Sunnyvale 1000 GM 07"]
[Site "Sunnyvale"]
[Date "2023.08.01"]
[Round "9"]
[White "Guo, Andrew"]
[Black "Ostrovskiy, Aleksandr A"]
[Result "1-0"]
[WhiteElo "2321"]
[BlackElo "2356"]
[PlyCount "73"]
[EventDate "2023.07.28"]
[EventType "schev"]
[EventRounds "9"]
[EventCountry "USA"]
[SourceTitle "EXT 2024"]
[Source "ChessBase"]
[SourceDate "2023.10.10"]
[SourceVersion "1"]
[SourceVersionDate "2023.10.10"]
[SourceQuality "1"]

1. d4 Nf6 2. c4 e6 3. Nf3 d5 4. g3 Bb4+ 5. Bd2 Be7 6. Bg2 0-0 7. 0-0 Nbd7 8. Qc2 c6 9. b3 a5 10. Bc3 b5 11. Ne5 Nxe5 12. dxe5 Nd7 13. cxb5 cxb5 14. e4 Nb6 15. Bd4 Bb7 16. Rd1 Rc8 17. Qe2 dxe4 18. Nc3 b4 19. Nxe4 Nd5 20. Qd2 Rc7 21. Rac1 Rxc1 22. Rxc1 Qd7 23. Bc5 Rc8 24. Bxe7 Rxc1+ 25. Qxc1 Qxe7 26. Qc4 Qc7 27. Nd6 Bc6 28. Bxd5 exd5 29. Qc5 Qd7 30. Qxa5 d4 31. Qxb4 h6 32. Qb8+ Kh7 33. Qc8 Qxc8 34. Nxc8 Bb5 35. Nd6 Be2 36. f4 d3 37. Kf2 1-0

[Event "Sunnyvale 1000 GM 07"]
[Site "Sunnyvale"]
[Date "2023.07.30"]
[Round "5"]
[White "Guo, Andrew"]
[Black "Griffith, Kyron"]
[Result "1-0"]
[WhiteElo "2321"]
[BlackElo "2352"]
[PlyCount "115"]
[EventDate "2023.07.28"]
[EventType "schev"]
[EventRounds "9"]
[EventCountry "USA"]
[SourceTitle "CBM 215 Extra"]
[Source "ChessBase"]
[SourceDate "2023.09.30"]
[SourceVersion "1"]
[SourceVersionDate "2023.09.30"]
[SourceQuality "1"]

1. d4 Nf6 2. c4 e6 3. Nf3 b6 4. Nc3 Bb7 5. a3 d5 6. cxd5 exd5 7. Bf4 Bd6 8. Bg5 0-0 9. Rc1 a6 10. e3 Nbd7 11. Bd3 h6 12. Bh4 Re8 13. 0-0 Qe7 14. Qc2 g5 15. Bg3 Bxg3 16. hxg3 Ne4 17. Qb3 Ndf6 18. Rfe1 Qd6 19. Ne5 Re7 20. Red1 Rae8 21. Nxe4 Nxe4 22. Qc2 Kg7 23. b4 f6 24. Bxe4 dxe4 25. Nc6 Rf7 26. d5 f5 27. Qb2+ Kg6 28. a4 f4 29. gxf4 gxf4 30. exf4 Qxf4 31. Qd4 Kh7 32. Re1 Rg7 33. Re3 Bc8 34. g3 Qg5 35. Rce1 Bf5 36. Ne5 h5 37. Nf3 Qg4 38. Nh4 Rge7 39. Qf6 Bd7 40. Nf3 Kg8 41. Ng5 Bf5 42. Ne6 Qg6 43. Qc3 Bxe6 44. Rxe4 Kf8 45. dxe6 Rxe6 46. Qh8+ Kf7 47. Rf4+ Ke7 48. Rxe6+ Qxe6 49. Qd4 Qg6 50. Re4+ Kf7 51. Qc4+ Kf8 52. Rf4+ Kg7 53. Qxc7+ Kh6 54. Rf7 Re1+ 55. Kh2 h4 56. Qf4+ Qg5 57. Rf6+ Kh5 58. g4+ 1-0

[Event "Sunnyvale 1000 GM 07"]
[Site "Sunnyvale"]
[Date "2023.07.30"]
[Round "4"]
[White "Maass Garza, Gustavo"]
[Black "Guo, Andrew"]
[Result "0-1"]
[WhiteElo "2244"]
[BlackElo "2321"]
[PlyCount "92"]
[EventDate "2023.07.28"]
[EventType "schev"]
[EventRounds "9"]
[EventCountry "USA"]
[SourceTitle "CBM 215 Extra"]
[Source "ChessBase"]
[SourceDate "2023.09.30"]
[SourceVersion "1"]
[SourceVersionDate "2023.09.30"]
[SourceQuality "1"]

1. d4 Nf6 2. Nf3 g6 3. g3 Bg7 4. Bg2 0-0 5. 0-0 d6 6. c4 Nc6 7. Nc3 e5 8. dxe5 dxe5 9. Bg5 Be6 10. b3 h6 11. Qxd8 Rfxd8 12. Bxf6 Bxf6 13. Rad1 Kg7 14. e4 Nb4 15. Nb5 Na6 16. Nc3 c6 17. Rxd8 Rxd8 18. Rd1 Rxd1+ 19. Nxd1 Nc5 20. Nc3 a5 21. Nd2 Bg5 22. Ncb1 h5 23. h4 Bh6 24. Kf1 a4 25. Ke2 axb3 26. a3 b2 27. Kd1 Nd3 28. Ke2 Nc5 29. Kd1 Bxd2 30. Kxd2 Bxc4 31. Kc3 Bd3 32. Kxb2 Nxe4 33. Bxe4 Bxe4 34. Nd2 Bd5 35. Kc3 Kf6 36. Kd3 Kf5 37. Ke3 f6 38. Nb1 g5 39. hxg5 fxg5 40. a4 h4 41. gxh4 gxh4 42. f3 h3 43. Kf2 Kf4 44. Nd2 h2 45. Kg2 Bxf3+ 46. Kxh2 Bd5 0-1

[Event "Sunnyvale 1000 GM 07"]
[Site "Sunnyvale"]
[Date "2023.07.28"]
[Round "1"]
[White "Krishnan, Varun"]
[Black "Guo, Andrew"]
[Result "1/2-1/2"]
[WhiteElo "2341"]
[BlackElo "2321"]
[PlyCount "37"]
[EventDate "2023.07.28"]
[EventType "schev"]
[EventRounds "9"]
[EventCountry "USA"]
[SourceTitle "CBM 215 Extra"]
[Source "ChessBase"]
[SourceDate "2023.09.30"]
[SourceVersion "1"]
[SourceVersionDate "2023.09.30"]
[SourceQuality "1"]

1. e4 c5 2. Nf3 Nc6 3. Bb5 g6 4. 0-0 Bg7 5. c3 Nf6 6. Re1 0-0 7. h3 e5 8. d4 cxd4 9. cxd4 exd4 10. Nxd4 Qb6 11. Nxc6 bxc6 12. Bd3 d5 13. Nc3 dxe4 14. Nxe4 Nd5 15. Nd6 Ba6 16. Bxa6 Qxa6 17. Qe2 Qxe2 18. Rxe2 Rad8 19. Nc4 1/2-1/2

[Event "Sunnyvale Independence Day op"]
[Site "Sunnyvale"]
[Date "2023.07.04"]
[Round "9"]
[White "Guo, Andrew"]
[Black "Stearman, Josiah P"]
[Result "0-1"]
[WhiteElo "2321"]
[BlackElo "2444"]
[PlyCount "112"]
[EventDate "2023.06.30"]
[EventType "swiss"]
[EventRounds "9"]
[EventCountry "USA"]
[SourceTitle "EXT 2024"]
[Source "ChessBase"]
[SourceDate "2023.10.10"]
[SourceVersion "1"]
[SourceVersionDate "2023.10.10"]
[SourceQuality "1"]

1. d4 d5 2. c4 c6 3. Nf3 Nf6 4. Nbd2 Bf5 5. Nh4 Be4 6. Qb3 Nbd7 7. Nhf3 dxc4 8. Qxc4 Qa5 9. b4 Qd5 10. e3 Bg6 11. Be2 e6 12. a3 Bd6 13. Bb2 a5 14. b5 Nb6 15. Qb3 a4 16. Qxd5 cxd5 17. Ne5 Rc8 18. Nxg6 hxg6 19. Bd3 Ke7 20. Ke2 g5 21. h3 Nfd7 22. Rhc1 f5 23. f3 g6 24. Rxc8 Rxc8 25. Rc1 Rxc1 26. Bxc1 e5 27. dxe5 Bxe5 28. e4 Nc5 29. Bc2 Kf6 30. exd5 Nxd5 31. Nc4 Nc3+ 32. Kd2 Nxb5 33. Nxe5 Kxe5 34. Ke3 Nd6 35. Ke2 Nc4 36. Bd3 Nxd3 37. Kxd3 Kd5 38. Kc3 f4 39. h4 Ne3 40. hxg5 Nxg2 41. Bd2 Ke5 42. Kd3 Kf5 43. Ke2 Kxg5 44. Bb4 Kf5 45. Bc5 Ne3 46. Kd3 Ke5 47. Be7 b5 48. Bf8 Nc4 49. Kc3 Kf5 50. Kd3 Ne5+ 51. Ke2 g5 52. Bd6 Nc4 53. Bb4 g4 54. Bc5 gxf3+ 55. Kxf3 Ne5+ 56. Ke2 Ke4 0-1

[Event "Sunnyvale Independence Day op"]
[Site "Sunnyvale"]
[Date "2023.07.02"]
[Round "4"]
[White "Guo, Andrew"]
[Black "Pinzon, Jairo David"]
[Result "1-0"]
[WhiteElo "2321"]
[BlackElo "2220"]
[PlyCount "87"]
[EventDate "2023.06.30"]
[EventType "swiss"]
[EventRounds "9"]
[EventCountry "USA"]
[SourceTitle "EXT 2024"]
[Source "ChessBase"]
[SourceDate "2023.10.10"]
[SourceVersion "1"]
[SourceVersionDate "2023.10.10"]
[SourceQuality "1"]

1. d4 c5 2. d5 b5 3. e4 a6 4. c4 b4 5. Nf3 d6 6. Bd3 g6 7. 0-0 Bg7 8. a3 bxa3 9. Rxa3 Nf6 10. Nc3 0-0 11. h3 e5 12. dxe6 Bxe6 13. Nd5 Nc6 14. Bg5 Re8 15. Re1 Nb4 16. b3 Bxd5 17. cxd5 Nxd3 18. Qxd3 Qb6 19. Nd2 Nd7 20. Nc4 Qb4 21. Bd2 Ne5 22. Qc2 Qb8 23. Nb2 Nd7 24. f4 Bd4+ 25. Kh2 Qd8 26. Nc4 Qf6 27. Qd3 h6 28. Qg3 Kh7 29. Qg4 Re7 30. Na5 Rae8 31. Qf3 Nb8 32. Nc4 Kg7 33. b4 g5 34. bxc5 Bxc5 35. Bc3 Bd4 36. Bxd4 Qxd4 37. Nxd6 Qb4 38. Nxe8+ Rxe8 39. Ree3 a5 40. fxg5 hxg5 41. Qg3 Kg6 42. Rab3 Qd4 43. Qd6+ f6 44. Rf3 1-0

[Event "Las Vegas 1000 GM op"]
[Site "Las Vegas"]
[Date "2023.06.10"]
[Round "4"]
[White "Stearman, Josiah P"]
[Black "Guo, Andrew"]
[Result "1-0"]
[WhiteElo "2421"]
[BlackElo "2315"]
[PlyCount "81"]
[EventDate "2023.06.08"]
[EventType "swiss"]
[EventRounds "9"]
[EventCountry "USA"]
[SourceTitle "CBM 214 Extra"]
[Source "ChessBase"]
[SourceDate "2023.07.31"]
[SourceVersion "1"]
[SourceVersionDate "2023.07.31"]
[SourceQuality "1"]

1. e4 c5 2. Nf3 Nc6 3. d4 cxd4 4. Nxd4 Nf6 5. Nc3 e5 6. Ndb5 d6 7. Nd5 Nxd5 8. exd5 Nb8 9. a4 Be7 10. Be2 0-0 11. 0-0 Bf5 12. f4 exf4 13. Bxf4 Bg6 14. Kh1 a6 15. Na3 Nd7 16. Nc4 Nc5 17. a5 Qc7 18. Ra3 Rad8 19. Re3 Ne4 20. b3 Rfe8 21. Bf3 Nf6 22. h4 h6 23. h5 Bf5 24. g4 Bc8 25. Ree1 Bf8 26. Be3 Nd7 27. g5 hxg5 28. Bxg5 f6 29. Bf4 Ne5 30. Bxe5 dxe5 31. Be4 Qd7 32. Re3 Bc5 33. Rg3 Qe7 34. h6 g5 35. Qh5 Rf8 36. d6 Bxd6 37. Nxd6 Rxd6 38. Qg6+ Kh8 39. Rxg5 Rd7 40. Qg7+ Qxg7 41. hxg7+ 1-0

[Event "Las Vegas 1000 GM op"]
[Site "Las Vegas"]
[Date "2023.06.09"]
[Round "3"]
[White "Guo, Andrew"]
[Black "Andriasian, Zaven"]
[Result "1/2-1/2"]
[WhiteElo "2315"]
[BlackElo "2579"]
[PlyCount "49"]
[EventDate "2023.06.08"]
[EventType "swiss"]
[EventRounds "9"]
[EventCountry "USA"]
[SourceTitle "CBM 214 Extra"]
[Source "ChessBase"]
[SourceDate "2023.07.31"]
[SourceVersion "1"]
[SourceVersionDate "2023.07.31"]
[SourceQuality "1"]

1. d4 d6 2. Nf3 g6 3. g3 Bg7 4. Bg2 Nd7 5. 0-0 e5 6. c4 Ne7 7. Nc3 0-0 8. e4 exd4 9. Nxd4 Nc6 10. Nxc6 bxc6 11. Bd2 Re8 12. Qc2 Nc5 13. Be3 Rb8 14. Rfd1 Qe7 15. Bd4 Bg4 16. Rd2 Bxd4 17. Rxd4 h5 18. f4 h4 19. Qf2 hxg3 20. Qxg3 Bd7 21. Rd2 Kg7 22. Re1 f5 23. e5 Rbd8 24. b4 Ne6 25. exd6 1/2-1/2

[Event "Las Vegas 1000 GM op"]
[Site "Las Vegas"]
[Date "2023.06.09"]
[Round "2"]
[White "Wang, Henry H"]
[Black "Guo, Andrew"]
[Result "0-1"]
[WhiteElo "2193"]
[BlackElo "2315"]
[PlyCount "164"]
[EventDate "2023.06.08"]
[EventType "swiss"]
[EventRounds "9"]
[EventCountry "USA"]
[SourceTitle "CBM 214 Extra"]
[Source "ChessBase"]
[SourceDate "2023.07.31"]
[SourceVersion "1"]
[SourceVersionDate "2023.07.31"]
[SourceQuality "1"]

1. e4 c5 2. c3 d5 3. d3 Nc6 4. Nd2 Nf6 5. Ngf3 Qc7 6. Be2 g6 7. Rb1 a5 8. a4 Bg7 9. 0-0 0-0 10. Re1 Rd8 11. Qc2 b6 12. Bf1 e6 13. g3 Ba6 14. Ra1 Rac8 15. Nb1 c4 16. exd5 cxd3 17. Qb3 Rxd5 18. Be3 Nd7 19. Nbd2 b5 20. axb5 Rxb5 21. Qc4 Qb7 22. Qxd3 Ncb8 23. c4 Rxb2 24. Rxa5 Nb6 25. Bd4 Bxd4 26. Qxd4 Rxd2 27. Qxd2 Qxf3 28. Bg2 Qf6 29. Rxa6 Nxa6 30. Qa5 Rxc4 31. Qxb6 Nc5 32. Rd1 Kg7 33. Qb1 h5 34. h4 e5 35. Qb5 Rc2 36. Rf1 e4 37. Qb4 Qe5 38. Qb1 Qc3 39. Qe1 Qe5 40. Qe3 Rc3 41. Qe2 e3 42. f4 Qd4 43. f5 Nd3 44. fxg6 fxg6 45. Rd1 Rc1 46. Kh2 Rxd1 47. Qxd1 Qc3 48. Qf3 Qd4 49. Qb7+ Kf6 50. Qc6+ Kg7 51. Qc7+ Kh6 52. Qe7 Nf2 53. Qg5+ Kh7 54. Qe7+ Qg7 55. Qe6 Ng4+ 56. Kh3 Ne5 57. Be4 Ng4 58. Bf3 Ne5 59. Be4 e2 60. Bxg6+ Nxg6 61. Qxe2 Qe5 62. Qf3 Qe6+ 63. Kh2 Qg4 64. Qf7+ Kh6 65. Qf6 Qe2+ 66. Kh3 Qe4 67. Kh2 Qe5 68. Qd8 Qe2+ 69. Kh3 Qe6+ 70. Kh2 Kg7 71. Qc7+ Kf6 72. Qd8+ Qe7 73. Qb6+ Kg7 74. Qb5 Ne5 75. Qe2 Ng4+ 76. Kh3 Qe4 77. Qb2+ Ne5 78. Kh2 Kg6 79. Qb6+ Kf5 80. Qb5 Kg4 81. Qb8 Qe2+ 82. Kh1 Qf1+ 0-1

[Event "North American op 32nd"]
[Site "Las Vegas"]
[Date "2022.12.26"]
[Round "1"]
[White "Raja, Harshit"]
[Black "Guo, Andrew"]
[Result "1-0"]
[WhiteElo "2457"]
[BlackElo "1925"]
[PlyCount "25"]
[EventDate "2022.12.26"]
[EventType "swiss"]
[EventRounds "9"]
[EventCountry "USA"]
[SourceTitle "CBM 211 Extra"]
[Source "ChessBase"]
[SourceDate "2023.01.31"]
[SourceVersion "1"]
[SourceVersionDate "2023.01.31"]
[SourceQuality "1"]

1. e4 c5 2. Nf3 Nc6 3. Bb5 g6 4. 0-0 Bg7 5. Re1 Nf6 6. Bxc6 dxc6 7. d3 0-0 8. h3 Qc7 9. Nc3 b6 10. e5 Nd5 11. Ne4 Rd8 12. a3 c4 13. dxc4 1-0

[Event "World op 50th"]
[Site "Philadelphia"]
[Date "2022.07.01"]
[Round "2"]
[White "Guo, Andrew"]
[Black "Paragua, Mark"]
[Result "0-1"]
[WhiteElo "1887"]
[BlackElo "2461"]
[PlyCount "76"]
[EventDate "2022.06.30"]
[EventType "swiss"]
[EventRounds "9"]
[EventCountry "USA"]
[SourceTitle "CBM 209 Extra"]
[Source "ChessBase"]
[SourceDate "2022.09.30"]
[SourceVersion "1"]
[SourceVersionDate "2022.09.30"]
[SourceQuality "1"]

1. d4 Nf6 2. c4 e6 3. Nf3 d5 4. g3 dxc4 5. Bg2 c5 6. 0-0 Nc6 7. dxc5 Qxd1 8. Rxd1 Bxc5 9. Nbd2 c3 10. bxc3 Bd7 11. Nb3 Be7 12. Nbd4 Rc8 13. Bb2 Na5 14. Nd2 b5 15. N4b3 Nc4 16. Nxc4 bxc4 17. Nd2 Ba4 18. Rdb1 0-0 19. Bc1 Rfd8 20. Rb7 Bc5 21. Nxc4 Rd1+ 22. Bf1 Ng4 23. e3 Bc6 24. Rb2 Bd5 25. Rd2 Rxf1+ 26. Kxf1 Nxh2+ 27. Ke1 Bxc4 28. Rd7 Nf3+ 29. Kd1 Bb5 30. Rb7 Rd8+ 31. Kc2 Bc6 32. Rb2 Ne1+ 33. Kb3 Nd3 34. Rbb1 Ne5 35. c4 Be4 36. Rb2 Rd3+ 37. Kc2 Nxc4 38. Rb3 Rd2+ 0-1

[Event "Space Coast op 27th"]
[Site "Melbourne FL"]
[Date "2022.04.23"]
[Round "3"]
[White "Guo, Andrew"]
[Black "De la Colina, Nicolas"]
[Result "1/2-1/2"]
[WhiteElo "1842"]
[BlackElo "2142"]
[PlyCount "103"]
[EventDate "2022.04.22"]
[EventType "swiss"]
[EventRounds "5"]
[EventCountry "USA"]
[SourceTitle "EXT 2023"]
[Source "ChessBase"]
[SourceDate "2022.10.05"]
[SourceVersion "1"]
[SourceVersionDate "2022.10.05"]
[SourceQuality "1"]

1. d4 f5 2. c4 Nf6 3. Nf3 g6 4. g3 Bg7 5. Bg2 0-0 6. 0-0 d6 7. Nc3 c6 8. Qc2 Na6 9. a3 Qc7 10. Bf4 Nh5 11. Bd2 e5 12. dxe5 dxe5 13. e4 f4 14. b4 Bg4 15. Ne2 Rad8 16. Rad1 Qc8 17. Kh1 Nc7 18. Neg1 Ne6 19. Bc3 Nd4 20. Bxd4 exd4 21. Qd3 c5 22. Rd2 b6 23. Re1 Bh6 24. Rc2 Qc7 25. bxc5 bxc5 26. Ne2 fxg3 27. hxg3 Be3 28. fxe3 Bxf3 29. Nf4 Nxg3+ 30. Kg1 dxe3 31. Nd5 Qe5 32. Qxe3 Bxg2 33. Rxg2 Nh5 34. Qxc5 Rf7 35. Qe3 Nf4 36. Nxf4 Qxf4 37. Qxf4 Rxf4 38. c5 Rc8 39. Rc2 Kf7 40. c6 Ke6 41. Rc4 Rc7 42. Rd1 Rf8 43. Rc5 Rfc8 44. Rdc1 Kd6 45. Rd5+ Ke6 46. Rdc5 Rb8 47. R1c3 Rb2 48. R3c4 Kd6 49. Rd5+ Ke6 50. Rdc5 Kd6 51. Rd5+ Ke6 52. Rdc5 1/2-1/2